| 000 | 02554cam a2200469 i 4500 | ||
|---|---|---|---|
| 001 | 200468162 | ||
| 003 | TR-AnTOB | ||
| 005 | 20260417173908.0 | ||
| 007 | ta | ||
| 008 | 760904s1976 nyua 000 1 eng | ||
| 010 | _a 76043968 | ||
| 016 | 7 |
_a013988325 _2Uk |
|
| 020 | _a0374204241 | ||
| 020 | _a9780374204242 | ||
| 020 | _a0374520925 | ||
| 020 | _a9780374520922 | ||
| 040 |
_aDLC _beng _erda _cDLC _dBAKER _dBTCTA _dYDXCP _dRMC _dOCLCO _dOCLCF _dOCLCQ _dUKMGB _dIUA _dNKT _dGK8 _dOCLCO _dOCL _dOCLCO _dBUR _dOCLCO _dOCL _dOCLCO _dIMD _dOCLCQ _dCSJ _dOCLCQ _dGILDS _dYT6 _dCPO _dOCLCQ _dOCLCO _dBOS _dCNO _dLENOT _dOCLCO _dCBA _dOCLCO _dTYC _dOCLCO _dYBM _dGRACT _dVVB _dZQC _dOCLCO _dYBM _dOCLCO _dOCLCL _dOCLCQ _dUQK _dIG# _dOCLCL _dTR-AnTOB |
||
| 041 | 0 | _aeng | |
| 043 | _an-us--- | ||
| 049 | _aMAIN | ||
| 050 | 0 | 0 |
_aPS3573.O526 _bM3 |
| 100 |
_aWolfe, Tom _eauthor, _eillustrator _4aut _4ill _9114257 |
||
| 245 | 1 | 0 |
_aMauve gloves & madmen, clutter & vine, and other stories, sketches, and essays / _cillustrated by the author [Tom Wolfe]. |
| 246 | 3 | _aMauve gloves and madmen, clutter and vine, and other stories, sketches, and essays | |
| 264 | 1 |
_aNew York : _bFarrar, Straus and Giroux, _c1977. |
|
| 264 | 4 | _c©1976 | |
| 300 |
_a214 pages : _billustrations ; _c22 cm |
||
| 336 |
_atext _btxt _2rdacontent |
||
| 337 |
_aunmediated _bn _2rdamedia |
||
| 338 |
_avolume _bnc _2rdacarrier |
||
| 505 | 0 | 0 |
_tStories and sketches. _tMauve gloves & madmen, clutter & vine ; _tThe man who always peaked too soon ; _tThe truest sport ; _tThe commercial -- _tThe spirit of the age (and what it longs for). _tThe intelligent coed's guide to America ; _tThe Me Decade and the third great awakening -- _tSex and violence. _tThe perfect crime ; _tPornoviolence ; _tThe boiler room and the computer -- _tManners, decor, and decorum. _tFunky chic ; _tHonks and wonks ; _tThe street fighters. |
| 520 | 0 | _aMauve Gloves & Madmen, Clutter & Vine is a 1976 book by Tom Wolfe, consisting of eleven essays and one short story that Wolfe wrote between 1967 and 1976. It includes the essay in which he coined the term "Me Decade" to refer to the 1970s. In addition to the stories, Wolfe also illustrated the book. | |
| 650 | 0 |
_aShort stories, American _y20th century. _946151 |
|
| 650 | 7 |
_aManners and customs _2fast _9124769 |
|
| 651 | 0 |
_aUnited States _xSocial life and customs _y20th century _vFiction. _9124917 |
|
| 655 | 7 |
_aShort stories _2lcgft _9153047 |
|
| 655 | 7 |
_aFiction _2fast _9151487 |
|
| 655 | 7 |
_aShort stories _2fast _9153047 |
|
| 942 |
_2lcc _cBK |
||
| 999 |
_c200468162 _d86374 |
||